000 00979nam a2200253Ia 4500
003 OSt
005 20220923220352.0
006 a|||||r|||| 00| 0
007 ta
008 220922b |||||||| |||| 00| 0 hin d
024 _a186,182
037 _cTextual
040 _aARTS
_cARTS
_bhin
041 _2hin
_ahin
082 _aY73(Q2):1, 152L2
100 _aउपाध्याय, रामजी; त्रिपाठी, राधावल्लभ
_9164128
245 0 _aभारतीय धर्म और संस्कृति
246 _aBhāratīya dharma aur sanskṛuti
260 _aइलाहाबाद
_b लोक भारती प्रकाशन
_c1972
300 _a167 पृ.
_ccm.
650 _aभारतीय-लोक साहित्य
942 _hY73(Q2):1, 152L2
_cTEXL
_2CC
999 _c339427
_d339427